000
00250nam a22000977a 4500
999
_c
517223
_d
517223
082
_a
TNC T000x54 T348
100
_a
Thimmaiah,G.
_9
24808
245
_a
Indi'a development experience
_c
By G. Thimmaiah
260
_a
New Delhi
_b
Ashish
_c
1985
300
_a
78p.